000 00658nam a2200241Ia 4500
003 OSt
005 20220925212547.0
006 a|||||r|||| 00| 0
007 ta
008 220923b |||||||| |||| 00| 0 eng d
037 _cGeneral Book
040 _aRTL
_cRTL
_beng
041 _2eng
_aeng
082 _aY:6, K9
100 _aDarlington C D
_990510
245 0 _aEvolution of man and society
260 _aLondon
_bAllen and Unwin
_c1969
300 _a753p
_ccm.
500 _aBibliography: p 681-712; Appendix: p 680-712
650 _aSocial Change
942 _hY:6, K9
_cGB
_2CC
999 _c560653
_d560653